000 00991nam a22002297a 4500
005 20240530110629.0
008 170112s2014 ua f b 000 0 ara d
017 _a2012/16184
_bمصر. دار الكتب
020 _a9789774383112
040 _aEG-CaGPL
_cEG-CaGPL
082 0 4 _221
_a617.8\
_bخ ط
100 0 _aخالد احمد حسنين على حربى
245 1 0 _aطب الانف و الاذن و الحنجرة فى الحضارة الاسلامية :
_bتاصيل و تاثير /
_cتاليف خالد احمد حسنين على حربى
260 _aالاسكندرية :
_bالمكتب الجامعى الحديث ،
_c2014.
300 _a221 ص. ؛
_c24 سم.
504 _aيشتمل على ارجاعات ببليوجرافية
650 0 7 _2qrmak
_aالطب
_xتاريخ
650 0 7 _2qrmak
_aطب الانف و الاذن و الحنجرة
_yالحضارة الاسلامية
651 _2qrmak
942 _2ddc
_cBK
999 _c63216
_d63216